[Event "SVK-chT5 A22 2223"]
[Site "Slovakia"]
[Date "2023.02.04"]
[Round "6.2"]
[White "Karel, Branislav"]
[Black "Prochazka, Viliam"]
[Result "0-1"]
[WhiteElo "1412"]
[BlackElo "1442"]
[PlyCount "74"]
[EventDate "2022.10.15"]
[EventType "team-tourn"]
[EventRounds "9"]
[EventCountry "SVK"]
[SourceTitle "EXT 2024"]
[Source "ChessBase"]
[SourceDate "2023.10.10"]
[SourceVersion "1"]
[SourceVersionDate "2023.10.10"]
[SourceQuality "1"]
[WhiteTeam "Surovce Juniors"]
[BlackTeam "Modranka Komplet Seniors"]
[WhiteTeamCountry "SVK"]
[BlackTeamCountry "SVK"]

1. e4 c6 2. d4 d5 3. exd5 cxd5 4. Bd3 Nf6 5. Nf3 Nc6 6. c3 Bg4 7. 0-0 e6 8. Bg5 Be7 9. Nbd2 0-0 10. Qc2 h6 11. Bh4 Rc8 12. a3 a6 13. Rfe1 b5 14. Qd1 Re8 15. h3 Bf5 16. Bxf5 exf5 17. Ne5 Ne4 18. Bxe7 Qxe7 19. Nd3 Qf6 20. Nf4 Red8 21. Nf1 Qd6 22. Nd3 f4 23. Qg4 g5 24. h4 Nf6 25. Qf3 Re8 26. hxg5 hxg5 27. Nh2 Kg7 28. Ng4 Ne4 29. Nc5 f5 30. Nxe4 dxe4 31. Ne3 Kg6 32. Nxf5 Kxf5 33. Qh3+ Kg6 34. Kf1 Rc7 35. g4 Rh7 36. Qg2 f3 37. Rxe4 fxg2+ 0-1

[Event "SVK-chT4 A22 1718"]
[Site "Slovakia"]
[Date "2017.12.10"]
[Round "6.5"]
[White "Petras, Stefan"]
[Black "Karel, Branislav"]
[Result "1-0"]
[WhiteElo "1729"]
[BlackElo "1454"]
[PlyCount "47"]
[EventDate "2017.10.01"]
[EventType "team-tourn"]
[EventRounds "11"]
[EventCountry "SVK"]
[SourceTitle "EXT 2020"]
[Source "ChessBase"]
[SourceDate "2019.10.17"]
[SourceVersion "1"]
[SourceVersionDate "2019.10.17"]
[SourceQuality "1"]

1. e4 c6 2. Nf3 d5 3. Nc3 dxe4 4. Nxe4 Bf5 5. Ng3 Bg6 6. h4 h6 7. Ne5 Nf6 8. c3 Qc7 9. d4 Bh7 10. Bc4 e6 11. Bf4 Bd6 12. Qf3 0-0 13. Bd3 Bxd3 14. Nxd3 Nbd7 15. Bxd6 Qxd6 16. Rd1 Rfd8 17. 0-0 Rac8 18. Rfe1 Qc7 19. Re2 c5 20. dxc5 Nxc5 21. Red2 Na4 22. Ne4 Qe7 23. Nxf6+ gxf6 24. Qg4+ 1-0

[Event "SVK-chT4 A22 1314"]
[Site "Slovakia"]
[Date "2014.02.09"]
[Round "8.4"]
[White "Gogora, Kristian"]
[Black "Karel, Branislav"]
[Result "1-0"]
[WhiteElo "1218"]
[BlackElo "1000"]
[PlyCount "89"]
[EventDate "2013.10.06"]
[EventType "team-tourn"]
[EventRounds "11"]
[EventCountry "SVK"]
[SourceTitle "EXT 2015"]
[Source "ChessBase"]
[SourceDate "2014.11.20"]
[SourceVersion "1"]
[SourceVersionDate "2014.11.20"]
[SourceQuality "1"]
[WhiteTeam "Dunajska Streda SK III"]
[BlackTeam "Sered MSK"]
[WhiteTeamCountry "SVK"]
[BlackTeamCountry "SVK"]

1. d4 d5 2. c4 e6 3. Nc3 Nf6 4. Bg5 Nbd7 5. e3 c6 6. Nf3 Qa5 7. a3 Be7 8. b4 Qd8 9. Bd3 dxc4 10. Bxc4 Nd5 11. Nxd5 exd5 12. Bxe7 Qxe7 13. Bd3 0-0 14. 0-0 Nf6 15. Qc2 h6 16. Ne5 Bd7 17. Bf5 Bxf5 18. Qxf5 Qe6 19. Qf3 Rad8 20. Rac1 Ne4 21. Qe2 f5 22. f4 Rd6 23. Rc2 Nf6 24. Rf3 Kh7 25. Rg3 Ng4 26. Nxg4 fxg4 27. Qxg4 Rf7 28. Qxe6 Rxe6 29. Kf2 Rff6 30. h4 b6 31. a4 a6 32. h5 a5 33. bxa5 bxa5 34. Rc5 Re8 35. Rg6 Rfe6 36. Rxe6 Rxe6 37. Kf3 Kg8 38. Rxa5 Kf7 39. Ra7+ Re7 40. Rxe7+ Kxe7 41. g4 Kd6 42. g5 c5 43. dxc5+ Kxc5 44. gxh6 gxh6 45. f5 1-0

[Event "SVK-chT4 A22 1314"]
[Site "Slovakia"]
[Date "2013.10.06"]
[Round "1.6"]
[White "Tupy, Bystrik"]
[Black "Karel, Branislav"]
[Result "1-0"]
[WhiteElo "1798"]
[BlackElo "1000"]
[PlyCount "75"]
[EventDate "2013.10.06"]
[EventType "team-tourn"]
[EventRounds "11"]
[EventCountry "SVK"]
[SourceTitle "EXT 2015"]
[Source "ChessBase"]
[SourceDate "2014.11.20"]
[SourceVersion "1"]
[SourceVersionDate "2014.11.20"]
[SourceQuality "1"]
[WhiteTeam "Hlohovec II"]
[BlackTeam "Sered MSK"]
[WhiteTeamCountry "SVK"]
[BlackTeamCountry "SVK"]

1. e4 c6 2. Nf3 d5 3. exd5 cxd5 4. d4 Nc6 5. Bb5 Bg4 6. 0-0 e6 7. Re1 Bd6 8. Nc3 Nge7 9. Bg5 0-0 10. h3 Bh5 11. Bxc6 bxc6 12. Bxe7 Qxe7 13. Qd3 Bg6 14. Qd2 f6 15. Nh4 Be8 16. Qe3 Qc7 17. Qxe6+ Kh8 18. Kh1 Bd7 19. Qe3 Rae8 20. Qd3 Qc8 21. g4 Re7 22. Rxe7 Bxe7 23. Re1 Rf7 24. Nf5 Bxf5 25. Qxf5 Qxf5 26. gxf5 g6 27. fxg6 hxg6 28. Na4 Rh7 29. Kg2 Kg8 30. Re6 g5 31. Rxc6 f5 32. Rc7 Kf7 33. Nc3 g4 34. hxg4 fxg4 35. Nxd5 Ke6 36. Rxe7+ Rxe7 37. Nxe7 Kxe7 38. Kg3 1-0